LEADER 01129nam a2200265 i 4500 001 000000145290 003 CaOOAMICUS 005 20051122000000.0 008 051122s2000 it u000 u ita u 013 $a120682 020 $a88-384-4987-2 040 $aSeMil$bita 100 1 $aPlotti, Alessandro,$c.$0(OLS)http://semarc/name/49661 245 10$aAl servizio del malato :$bl'U.N.I.T.A.L.S.I. in prima linea /$cAlessandro Plotti. 260 $aCasale Monferrato (AL) :$bPiemme,$cCopyr. 2000. 300 $a299 p. ;$c21 cm. 500 $aContiene : Appendice. - Fondo Card. C.M. Martini. 650 4$aUNITALSI - Atti di congressi.$0(OLS)http://semarc/subject/28436 850 $aSeMil 852 $aSeMil$W1$xVenegono$y1$m2F IV 283$j98103$B98103$CSeMilBibl$Z2$F109674 $81 941 1 $a4 961 $aOmaggio: Martini Card. Carlo Maria 996 $6020$a88-384-4987-2$9(OLS)http://semarc/number/133747 996 $6245$aAl servizio del malato :$bl'U.N.I.T.A.L.S.I. in prima linea$9(OLS)http://semarc/title/212518 996 $6260$aCasale Monferrato (AL) :$bPiemme$9(OLS)http://semarc/publisher/30052 LEADER 01089nam a2200253 i 4500 001 000000182800 003 CaOOAMICUS 005 20091030000000.0 008 091030s1975 it u000 u ita u 013 $a160761 040 $aSeMil$bita 245 13$aLa salvezza cristiana :$bla voce degli episcopati dell'America Latina e dell'Africa al Sinodo dei Vescovi 1974. 260 $aRoma :$bASAL,$ccopyr. 1975. 300 $a142 p. ;$c19 cm. 490 0 $aQuaderni Asal ;$v20 500 $aContiene : Appendice. - Fondo card. Giovanni Colombo. 650 4$aSinodo dei Vescovi <3 ; 1974>.$0(OLS)http://semarc/subject/9684 830 0$aQuaderni Asal ;$v20.$0(OLS)http://semarc/title/11326 850 $aSeMil 852 $aSeMil$W1$xVenegono$y1$m3E I 216 °$j133504$B133504$CSeMilBibl$Z2$F145266 $81 941 1 $a3 961 $aLascito: Colombo Card. Giovanni 996 $6245$aLa salvezza cristiana :$bla voce degli episcopati dell'America Latina e dell'Africa al Sinodo dei Vescovi 1974$9(OLS)http://semarc/title/262307 996 $6260$aRoma :$bASAL$9(OLS)http://semarc/publisher/35262